| 000 | 01610cam a2200289 i 4500 | ||
|---|---|---|---|
| 003 | SA-RiAUC | ||
| 005 | 20250526061448.0 | ||
| 008 | 250522s1983 su g 000r0 ara c | ||
| 040 |
_aSA-RiAUC _bara _cSA-RiAUC _erda |
||
| 082 | 0 | 4 | _a240 |
| 090 |
_a240 _b ا ل ش |
||
| 100 | 1 |
_aآل الشيخ، عبد الرحمن بن حسن بن محمد، _d1193-1285 هجري _eمؤلف. |
|
| 245 | 1 | 0 |
_aقرة عيون الموحدين في تحقيق دعوة الأنبياء والمرسلين : _bحاشية على كتاب التوحيد لشيخ الإسلام محمد بن عبد الوهاب / _cحاشية عبد الرحمن بن حسن ؛ صححه وعلق عليه إسماعيل الأنصاري. |
| 246 | 3 | 0 | _aحاشية على كتاب التوحيد لشيخ الإسلام محمد بن عبد الوهاب |
| 250 | _aالطبعة الثالثة. | ||
| 264 | 1 |
_aالرياض : _bالرئاسة العامة لإدارات البحوث العلمية والإفتاء والدعوة والإرشاد، _c1983 |
|
| 300 |
_a267 صفحة ؛ _c24 سم |
||
| 336 |
_aنص _btxt _2rdacontent _3كتاب |
||
| 337 |
_aبدون وسيط _bn _2rdamedia |
||
| 338 |
_aمجلد _bnc _2rdacarrier |
||
| 650 | 7 |
_aعلم الكلام _2aucsh |
|
| 700 | 1 |
_aالأنصاري، إسماعيل بن محمد، _d1340-1417 هجري _eمصحح. |
|
| 700 | 1 | 2 |
_aابن عبد الوهاب، محمد بن عبد الوهاب بن سليمان، _d1115-1206 هجري |
| 740 | 2 | 2 | _aالتوحيد الذي هو حق الله على العبيد. |
| 942 |
_2ddc _cBOOK _n0 |
||
| 949 |
_aSA-JeALM _d250522 _umohamedma123 _n1 |
||
| 999 |
_c8353 _d8353 |
||